Revolución de mayo : enciclopedia ilustrada billiken /

Guardado en:
Formato: Libro
Publicado: Buenos Aires : Atlántida, 1960
Series:Historia, no. 3
Materias:
Etiquetas: Agregar Etiqueta
Sin Etiquetas, Sea el primero en etiquetar este registro!
LEADER 00525nam a22001815a 4500
001 CEM.cems000238
005 20060209000000.0
008 130507s1960##################000#0#####d
003 CEMS
082 0 4 |a 982.03 
245 0 0 |a Revolución de mayo :  |b enciclopedia ilustrada billiken / 
260 |a Buenos Aires :  |b Atlántida,  |c 1960 
300 |a 66 p. 
490 0 |a Historia, no. 3 
505 0 |a Revolución de mayo 
653 |a Historia 
653 |a Revolución de mayo 
859 |a CEMS  |b BIB. CEMS - 11 de abril  |h 982.03  |i En16  |p 9637.81  |t Ej.1